| 000 | 00646nam a2200217Ia 4500 | ||
|---|---|---|---|
| 003 | IN-BaIIA | ||
| 008 | 211028s9999 xx 000 0 eng d | ||
| 020 | _a81-265-1088-9 | ||
| 040 | _cIIA Library | ||
| 080 |
_a53 _bRES-I |
||
| 100 |
_aResnick, Robert _97993 |
||
| 245 | 0 |
_aPhysics _bvol. 1 _cRobert Resnick, David Halliday and Kenneth S. Krane |
|
| 250 | _a5th ed. | ||
| 260 |
_aNew Delhi _bJohn Wiley & Sons _c2007 |
||
| 300 | _a2v. (xiv, 566p.) | ||
| 650 |
_aFundamentals of physics _931326 |
||
| 650 |
_aPhysics _973 |
||
| 700 | _aHalliday, David | ||
| 700 | _aKrane, Kenneth S. | ||
| 942 | _cBK | ||
| 999 |
_c16779 _d16779 |
||